000 00491nam a2200169Ia 4500
003 OSt
005 20201009103532.0
008 190216s9999||||xx |||||||||||||| ||und||
020 _a8125906185
040 _coclc
082 _a005.4469
_bLEO/I
100 1 _aLeon, Alexis
_91194
245 0 _aInternet in a Nutshell /
_cAlexis Leon ; Mathews Leon
260 _bLeon Tech World,
_c1999.
_aChennai:
300 _a152p
942 _cBK
_2ddc
_h005.4469
_iLEO/I
_k005.4469
_mLEO/I
999 _c8627
_d8627